header

From Louis XIV to Napoleon (Record no. 1801)

MARC details
000 -LEADER
fixed length control field 01326nam a2200349 a 4500
082 04 - DEWEY DECIMAL CLASSIFICATION NUMBER
Classification number 944.03
100 1# - MAIN ENTRY--AUTHOR NAME
Personal name Black, Jeremy.
245 10 - TITLE STATEMENT
Title From Louis XIV to Napoleon
260 ## - PUBLICATION, DISTRIBUTION, ETC. (IMPRINT)
Place of publication London :
Name of publisher UCL Press,
Year of publication 1999.
300 ## - PHYSICAL DESCRIPTION
Number of Pages xvi,287 p. :
Other physical details maps.
856 40 - ELECTRONIC LOCATION AND ACCESS
Uniform Resource Identifier http://site.ebrary.com/lib/rucke/Doc?id=5003126

No items available.

© 2026 Rongo University
Contact us: librarian | system librarian | Rongo university